000 02024cam a2200385 a 4500
001 3062
003 FISKH
005 20240201153013.0
008 110907s2011 nyu 000 1 eng
010 _a 2011034254
020 _a9780316069410 (hbk.)
020 _a9781409136491
020 _a0316069418 (hbk.)
035 _a(OCoLC)ocn748770483
037 _bLittle Brown & Co, 3 Center Plaza 3rd Floor, Boston, MA, USA, 02108-2003, (617)2270730
_nSAN 200-2205
040 _aDLC
_cDLC
_dIG#
_dCKE
_dUPZ
_dIEP
_dNSB
_dYDXCP
_dGPI
_dZGV
_dCOO
_dBWX
_dDLC
_beng
042 _apcc
043 _an-us-ca
050 0 0 _aPS3553.O51165
_bD76 2011
082 0 0 _a813/.54
_222
100 1 _aConnelly, Michael,
_d1956-
245 1 4 _aThe drop :
_ba novel /
_cMichael Connelly.
260 _aLondon :
_bOrion Books,
_c2011.
300 _a419 pages :
_c18 cm
520 _aDNA from a 1989 rape and murder matches a 29-year-old convicted rapist. Was he an eight-year-old killer or has something gone terribly wrong in the new Regional Crime Lab? The latter possibility could compromise all of the lab's DNA cases currently in court. Then Bosch and his partner are called to a death scene fraught with internal politics. Councilman Irvin Irving's son jumped or was pushed from a window at the Chateau Marmont. Irving, Bosch's longtime nemesis, has demanded that Harry handle the investigation. Relentlessly pursuing both cases, Bosch makes two chilling discoveries: a killer operating unknown in the city for as many as three decades, and a political conspiracy that goes back into the dark history of the police department.
600 1 0 _aBosch, Harry
_vFiction.
650 0 _aPolice
_zCalifornia
_zLos Angeles
_vFiction.
650 0 _aCold cases (Criminal investigation)
_vFiction.
650 0 _aSerial murderers
_vFiction.
650 0 _aPolitical corruption
_vFiction.
651 0 _aLos Angeles (Calif.)
_vFiction.
655 7 _aMystery fiction.
_2gsafd
906 _a7
_bcbc
_corignew
_d1
_eecip
_f20
_gy-gencatlg
942 _2ddc
_cBK
_n0
999 _c3062
_d3062